000 00831nam a22002177a 4500
999 _c17113
_d17113
003 AR-CdUCM
008 190507b ||||| |||| 00| 0 spa d
040 _aMUNICIPALIDAD PROVINCIAL DEL CUSCO
_cBIBLIOTECA MUNICIPAL DEL CUSCO
082 _a943.087 /
_bB81
100 _aBrandt, Willy.
_936065
245 _aMi camino hacia Berlín /
260 _aBuenos Aires :
_bPlaza & Janes,
_c1963.
300 _a217 páginas ;
_c19 cm.
500 _aTal como Willy Brandt lo contó a Leo Lania.
505 _aContenido :Un berlinés en Nueva York -- Un muchacho llamado Herbert Frahm -- Vuelo hacia la libertad -- En la clandestinidad en Berlin -- Prisionero de los nazis ...
650 _aBerlín.
_913616
650 _aNeoliberalismo.
_913897
700 _aRibera, Antonio.
_932696
942 _2ddc
_cLIBROS
945 _arum
_d2019-05-07